00394nam a2200133Ia 4500008004100000020001500041041001200056082001600068100001600084245009900100260003900199300000800238650001400246221030s9999 xx 000 0 und d a8178081644 aEnglish a105.23bFin aI. L. Finar 0aOrganic Chemistry Vol. II : Sterochemistry & the Chemistry of Natural Productscby I. L. Finar bPearson EducationaNew Delhic2001 a942 aChemistry